000 01090nam a22003377a 4500
001 BR0401359
003 BR-BrBNA
005 20230928101535.0
007 ta
008 230509b bl.||||| |||| 00| 0 por d
040 _aBR-BrBNA
_bpor
_cBiblioteca Nacional de Agricultura
041 _a(Por)
072 _aL02; L51
_b5300
_b8954
090 _ 5300 BR0401359
100 1 _aArouca, C.L.C.
110 1 _aUniversidade Federal de Minas Gerais, Belo Horizonte (Brasil). Escola de Veterinária
_0Tese (Mestre em Zootecnia)
245 1 _aExigências de lisina para suínos machos castrados de dois grupos genéticos, na fase de terminação tardia
260 3 _aBelo Horizonte, MG (Brasil):
_c2003.
300 _a50 p.
500 _aSummaries (Eng, Por); Several bibliography; 16 tables; 10 illus.
650 _aSUÍNO
650 _aRAÇÃO
650 _aNUTRIÇÃO ANIMAL
650 _aALIMENTO PARA ANIMAL
650 _aCARCAÇA
650 _aLISINA
650 _aEXIGÊNCIA NUTRICIONAL
650 _aGANHO DE PESO
909 _a202309
_bLucia
_c55
_dLucia Elande
942 _cBK
999 _c66325
_d66325